UM Logo

Politics and governance: (Record no. 6823)

MARC details
000 -LEADER
fixed length control field 00743nam a2200181 4500
008 - FIXED-LENGTH DATA ELEMENTS--GENERAL INFORMATION
fixed length control field 170503b xxu||||| |||| 00| 0 eng d
020 ## - INTERNATIONAL STANDARD BOOK NUMBER
International Standard Book Number 971-550-307-1
082 ## - DEWEY DECIMAL CLASSIFICATION NUMBER
Edition number 1999
Classification number DFil 320.959907
Item number P76
110 ## - MAIN ENTRY--CORPORATE NAME
9 (RLIN) 20650
Corporate name or jurisdiction name as entry element Department of Political Science.
245 ## - TITLE STATEMENT
Title Politics and governance:
Remainder of title theory and practice in the Philippine context/
Statement of responsibility, etc. Department of Political Science.
260 ## - PUBLICATION, DISTRIBUTION, ETC. (IMPRINT)
Place of publication, distribution, etc. Quezon City:
Name of publisher, distributor, etc. Ateneo de Manila University,
Date of publication, distribution, etc. c1999.
300 ## - PHYSICAL DESCRIPTION
Extent v, 343 pages;
Dimensions 23 cm.
500 ## - GENERAL NOTE
General note Includes bibliographical references and index.
650 #0 - SUBJECT ADDED ENTRY--TOPICAL TERM
9 (RLIN) 20652
Topical term or geographic name as entry element Political science
Form subdivision Study and teaching
Geographic subdivision Philippines
650 #0 - SUBJECT ADDED ENTRY--TOPICAL TERM
9 (RLIN) 20654
Topical term or geographic name as entry element Philippines
General subdivision Politics and government
710 ## - ADDED ENTRY--CORPORATE NAME
9 (RLIN) 20655
Corporate name or jurisdiction name as entry element Department of Political Science
942 ## - ADDED ENTRY ELEMENTS (KOHA)
Source of classification or shelving scheme Dewey Decimal Classification
Koha item type Filipiniana
Holdings
Withdrawn status Lost status Source of classification or shelving scheme Damaged status Not for loan Collection code Home library Current library Date acquired Source of acquisition Cost, normal purchase price Total Checkouts Full call number Barcode Date last seen Price effective from Koha item type
    Dewey Decimal Classification     Filipiniana UM Digos College - LIC UM Digos College - LIC 09/01/2004 Purchased 385.00   DFil 320.959907 P76 1999 17654 05/15/2025 05/03/2017 Filipiniana